Guess the DEMON by the EMOJI! #1 - Statistics

General Stats
  • This quiz has been taken 5 times
  • The average score is 14 of 16
Answer Stats
Emoji Extreme Demon % Correct
๐Ÿ…ฑ๏ธ b
100%
๐Ÿด black flag
100%
๐Ÿฉธ๐Ÿ› bloodbath
100%
โ˜ ๏ธ๐ŸŒ‘ death moon
100%
โ„น๏ธ๐Ÿ•ต๏ธ๐Ÿค๐Ÿ‘๏ธ ispywithmylittleeye
100%
๐Ÿ—๏ธ๐Ÿ‘ƒ(sound it out) kenos
100%
9๏ธโƒฃ๐Ÿ”ด nine circles
100%
โšก๐Ÿ›ฃ๏ธ the lightning road
100%
๐Ÿค”๐ŸŒŒ2๏ธโƒฃ thinking space 2
100%
๐ŸŒŠ๐Ÿ‘‹ tidal wave
100%
๐Ÿคช crazy
75%
๐Ÿ™‹โ€โ™‚๏ธ๐Ÿ‘‹๐Ÿ’ฌ hi
75%
โฌ‡๏ธโ˜ ๏ธ low death
75%
๐Ÿ˜ถโ€๐ŸŒซ๏ธ fog
50%
๐Ÿ—๏ธ๐Ÿ—๏ธ๐Ÿ—๏ธ limbo
50%
๐Ÿฉป๐Ÿคช skeletal shenanigans
50%
No matching quizzes found
Score Distribution
Percent of People with Each Score
Percentile by Number Answered
Your Score History
You have not taken this quiz